000 00452nam a2200181Ia 4500
005 20250423094820.0
008 250422s9999 xx 000 0 und d
020 _a9780709843
050 _aKP 84.5 .A7/
100 _aArowomole, S.S.A.
245 0 _aCompanies income tax laws and administration in Nigeria
260 _aLagos
260 _bKing Julius Publishers
260 _c2013
300 _a287 p
650 _aCompanies tax
942 _cBK
999 _c28376
_d28376